Τραγούδια Φουρέιρα - Ξαφνικός Θάνατος - Statistics

General Stats
  • This quiz has been taken 101 times
  • The average score is 9 of 15
Answers on the Grid
Answers color-coded by a green-red scale on the quiz's grid according to % correct below.
Fuego
Καραμέλα
Αεράκι
Αεροπλάνο
Το Κάτι που Έχει
Στον Θεό με Πάει
Μπορεί
Γδύσου
El Telephone
Κόλλημα
Temperatura
Ραντεβού στην Παραλία
Light it Up
Άσε Με
Αχάριστη και Αλήτισσα
Μάντισσα
Το Νησί
Για Κακή μου Τύχη
Κούπες
Μη μου Θυμώνεις Μάτια μου
Άσε με να Φύγω
Υγρό Φιλί
Μυστικό
Σημάδι
Όμορφη
Φλόγα
Διθέσιο
Δεμένη
Ένα Φιλί
Φωτιά
 
Answer Stats
Answer % Correct
El Telephone
82%
Fuego
77%
Στον Θεό με Πάει
75%
Καραμέλα
71%
Αεράκι
70%
Αεροπλάνο
68%
Γδύσου
64%
Το Κάτι που Έχει
63%
Temperatura
63%
Μπορεί
61%
Ραντεβού στην Παραλία
59%
Άσε Με
57%
Κόλλημα
50%
Light it Up
43%
Φωτιά
38%
No matching quizzes found
Score Distribution
Percent of People with Each Score
Percentile by Number Answered
Your Score History
You have not taken this quiz